000 00670nam a2200229 a 4500
001 55303
003 BD-RjUL
005 20211209080239.0
008 161116s1961 enk | 001 0 eng d
035 _a(BD-RjUL)55425
040 _aORZ
_cORZ
_beng
_dBD-RjUL
041 _aeng
082 _223
_a821.912
_bSMP 1961
100 1 _aSmidt, Kristian.
_9164767
245 1 0 _aPoetry and belief in the work of T. S. Eliot /
_cKristian, Smidt.
250 _a[Completely rev. ed.]
260 _aLondon :
_bRoutledge,
_cc1961.
300 _axiii, 258 p. ;
_c23 cm.
500 _aIncludes index
600 1 0 _aEliot, T. S.
_q(Thomas Stearns),
_d1888-1965.
_9164773
942 _2ddc
_cBK
999 _c55303
_d55303